| 000 -LEADER |
| fixed length control field |
00612nam a22001097a 4500 |
| 008 - FIXED-LENGTH DATA ELEMENTS--GENERAL INFORMATION |
| fixed length control field |
160314b xxu||||| |||| 00| 0 eng d |
| 100 ## - MAIN ENTRY--AUTHOR'S NAME |
| Author's Name |
Erler, Martin |
| 245 ## - TITLE STATEMENT |
| Title |
Katalog der Stempelmarken von Deutschland V. Danzig, Memel, Oberschlesien Vol 5 (1980) |
| Remainder of title |
Catalogue of the adhesive revenue stamps of Germany V. Danzig, Memel, Oberschlesien |
| 260 ## - PUBLICATION, DISTRIBUTION, ETC. (IMPRINT) |
| Place of publication, distribution, etc. |
Icking, Germany |
| Name of publisher, distributor, etc. |
ORA Verlag |
| Date of publication, distribution, etc. |
1980 |
| 650 ## - TOPICAL TERM (Tag) |
| Topical term or geographic name |
Germany | Danzig (1920-1939) | Memel | Upper Silesia (1920-1923) Plebiscites | Revenues | Overprints and Surcharges | Revenue Cancellations | Catalogs and Price Lists | Cinderella Material |
| 700 ## - SECONDARY AUTHOR, EDITOR OR ILLUSTRATOR |
| Personal Name |
Norton, John A. |